000 00898nam a22002417a 4500
999 _c17571
_d17571
003 AR-CdUCM
008 190509b ||||| |||| 00| 0 spa d
040 _aMUNICIPALIDAD PROVINCIAL DEL CUSCO
_cBIBLIOTECA MUNICIPAL DEL CUSCO
041 _hdan
082 _a128.91 /
_bK53
100 _aKierkegaard, Sören
_917720
245 _aEstética y ética :
_ben la formación de la personalidad. /
260 _aBuenos Aires :
_bNova.
_c1955.
300 _a237 páginas ;
_c20.5 cm.
440 _aColección La Vida del Espíritu.
_931289
505 _aContenido: Elección y personalidad -- La vida estética -- Crítica de la vida estética -- La vida ética -- Consideraciones finales.
650 _aPersona (Existencialismo)
_937661
650 _aHombre
_9838
650 _aFilosofía
_9395
700 _aMarot, Armand (traducción)
_937662
942 _2ddc
_cLIBROS
945 _aachl
_d2019-05-09